000 01759cam a2200181 4500500
005 20260301000556.0
041 _afre
042 _adc
100 1 0 _aDebizet, Gilles
_eauthor
700 1 0 _aKoop, Kirsten
_eauthor
700 1 0 _aLevy, Rachel
_eauthor
245 0 0 _aIntroduction. How can we understand the sustainable transition of territories?
260 _c2024.
500 _a1
520 _aThis article is an introduction to the special double issue of the journal Géographie Économie Société entitled “How can we understand the sustainable transition of territories? " This special issue brings together French-language contributions on the territorial dimensions of transitions toward sustainability. Following a summary presentation of the twelve theoretical and empirical contributions, this introduction describes current thinking by looking at the salient points of the articles. On the one hand, it highlights a new way of approaching territories through the prism of sustainable transition: interest in living organisms and metabolisms calls for distance from the “territorial development” paradigm. On the other hand, this introduction underlines the contributions of the territorial approach to the study of sustainable transition, particularly with regard to the multi-level perspective: it highlights the multidimensionality, complexity, and context-dependent nature of transformation processes, and the value of considering them in the comprehensive analysis of possible larger-scale systematic changes.
786 0 _nGéographie, économie, société | 26 | 2-3 | 2024-04-17 | p. 147-164 | 1295-926x
856 4 1 _uhttps://shs.cairn.info/journal-geographie-economie-societe-2024-2-3-page-147?lang=en&redirect-ssocas=7080
999 _c1671998
_d1671998